000 00352 a2200109 4500
001 ART_2625
005 20260410161728.0
008 260409a
245 1 0 _aLas hipotecas de mala calidad y la crisis financiera internacional
100 1 _aGastaldi, Santiago
773 0 _tCiencias económicas
_g- Año 7, Vol. 1 (feb. 2010)
_wREV2567
999 _c17567
_d17567